Tratado de la prueba judicial

Wedi'i Gadw mewn:
Manylion Llyfryddiaeth
Prif Awdur: Parra Quijano, Jairo (autor)
Fformat: Llyfr
Iaith:Sbaeneg
Cyhoeddwyd: Bogotá Del Profesional Ltda 2000
Rhifyn:5a. ed
Pynciau:
Tagiau: Ychwanegu Tag
Dim Tagiau, Byddwch y cyntaf i dagio'r cofnod hwn!

MARC

LEADER 00000nam a2200000 a 4500
001 UCJ0175
003 CL-VaPUC
008 060707e20000000CK |||||||||||||||||spa|d
020 |a 9586352498 
020 |a 9586353583v.2 
082 0 4 |a 347.8607  |b PAR  |2 21 
100 |a Parra Quijano, Jairo  |e autor  |9 519582 
245 1 0 |a Tratado de la prueba judicial 
250 |a 5a. ed 
300 |a v 
942 |c BK 
945 |d 20060707 00:00:00  |a cmena 
260 |a Bogotá  |b Del Profesional Ltda  |c 2000 
500 |a v.2: La confesión 
650 0 |a Procedimiento civil  |9 254870 
650 0 |a Derecho procesal civil  |9 258071 
650 7 |a DERECHO CIVIL COLOMBIANO  |2 CL-VaPUC  |9 500216 
650 7 |a CONFESION  |2 CL-VaPUC  |9 314483 
650 7 |a PRUEBAS JUDICIALES  |2 CL-VaPUC  |9 500217 
650 0 |a Juicios   |9 327339 
651 0 |a Colombia  |9 256424 
583 |a last modification  |c 20130305 02:11:27  |k Rodrigo Vera 
999 |c 317103  |d 317101 
952 |0 0  |1 0  |4 0  |6 347_860700000000000_PAR_2000  |7 0  |8 A  |9 392861  |a BIBDER  |b BIBDER  |d 2019-11-22  |h v.2  |i 4247876  |o 347.8607 PAR 2000  |p 4247876  |r 2023-01-25  |w 2019-11-22  |y BK  |k DER